00282nam a2200109Ia 4500008004100000082001200041100001900053245003700072260003800109300000700147650001800154191201s2019 xx 000 0 und d a615 ARP aArora, Mandeep 0aPractical book of Pharmacology-I bNirali PrakashanaNew Delhic2019 a65 aPharmacology